| 000 | 01221cam a22003134a 4500 | ||
|---|---|---|---|
| 001 | 12881038 | ||
| 003 | CEME | ||
| 005 | 20210628201519.0 | ||
| 008 | 020802s2003 nyua b 001 0 eng | ||
| 010 | _a 2002111060 | ||
| 020 | _a0764518305 | ||
| 035 | _a(DLC) 2002111060 | ||
| 040 |
_aDLC _cDLC _dDLC |
||
| 042 | _apcc | ||
| 050 | 0 | 0 |
_aTR899 _b.D77 2003 |
| 100 | 1 |
_aDroblas, Adele. Greenberg, Seth _955605 |
|
| 245 | 1 | 0 |
_aAdobe Premiere 6.5 bible / _cAdele Droblas and Seth Greenberg. |
| 260 |
_aNew York, NY : _bWiley Pub., _cc2003. |
||
| 300 |
_axxviii, 714 p. : _bill. ; _c24 cm. + _e1 CD-ROM (4 3/4 in.) |
||
| 504 | _aIncludes bibliographical references (p. [667]-672) and index. | ||
| 630 | 0 | 0 |
_aAdobe Premiere. _955606 |
| 650 | 0 |
_aMotion pictures _xEditing _xData processing. _955607 |
|
| 650 | 0 |
_aDigital video _xEditing _xData processing. _955608 |
|
| 700 | 1 |
_aGreenberg, Seth. _955609 |
|
| 856 | 4 | 2 |
_3Contributor biographical information _uhttp://www.loc.gov/catdir/bios/wiley045/2002111060.html |
| 856 | 4 | 2 |
_3Publisher description _uhttp://www.loc.gov/catdir/description/wiley039/2002111060.html |
| 856 | 4 | 1 |
_3Table of contents _uhttp://www.loc.gov/catdir/toc/wiley031/2002111060.html |
| 942 |
_2ddc _cBK |
||
| 999 |
_c566405 _d566405 |
||